Fundamentals of management : core concepts and applications /

Đã lưu trong:
書目詳細資料
主要作者: Griffin, Ricky W.
格式: 圖書
語言:English
出版: Boston : Houghton Mifflin, 2000.
版:2nd ed.
主題:
標簽: 添加標簽
沒有標簽, 成為第一個標記此記錄!
Thư viện lưu trữ: Mạng thư viện Đại học Đà Nẵng
LEADER 00815cam a2200325 i 4500
001 000046155
003 5607
005 20041028151913.0
008 010220b2000 vm 000 eng
020 |a 0395962315 
040 |a IRC  |c IRC  |d IRC 
041 0 |a eng 
082 1 4 |a 658  |b GR-R 
100 1 |a Griffin, Ricky W. 
245 1 0 |a Fundamentals of management :  |b core concepts and applications /  |c Ricky W. Griffin. 
250 |a 2nd ed. 
260 |a Boston :  |b Houghton Mifflin,  |c 2000. 
300 |a xv, 480 p. :  |b ill. 
630 0 4 |a Management. 
650 0 4 |a Management. 
OWN |a DUT 
999 |a From the UDN01 
TYP |a Monograph 
TYP |a Printed language 
980 |a Mạng thư viện Đại học Đà Nẵng